| 000 | 00000nam 2200000zi 4500 |
| 001 | 9.936415 |
| 003 | CaOODSP |
| 005 | 20250131150441 |
| 006 | m o d f |
| 007 | cr |n||||||||| |
| 008 | 240321s1985 oncdab ob f|0| 0 eng d |
| 040 | |aCaOODSP|beng|erda|cCaOODSP |
| 043 | |an-cn--- |
| 086 | 1 |aEn4-692/1985E-PDF |
| 245 | 00|aEnvironmental issues in Canada : |ba status report. |
| 264 | 1|a[Ottawa] : |bEnvironment Canada = Environnement Canada, |c1985. |
| 300 | |a1 online resource (35 pages) : |bcharts, illustrations, maps |
| 336 | |atext|btxt|2rdacontent |
| 337 | |acomputer|bc|2rdamedia |
| 338 | |aonline resource|bcr|2rdacarrier |
| 500 | |aDigitized edition from print [produced by Environment and Climate Change Canada]. |
| 504 | |aIncludes bibliographical references. |
| 520 | |a"The twelve environmental issues selected for this report are all of importance to Canada's environmental, social and economic health. To a degree, the status and trends they display together provide an assessment of the progress that has been made in improving the quality of the four environmental components — water, land, wildlife and air — and the problems which remain. Included within each issue discussion are a) a definition of the problem, b) trend information, c) examples of steps which have been or could be taken to deal with the situation and d) a short list of additional readings"--page 4. |
| 650 | 0|aEnvironmental policy|zCanada. |
| 650 | 6|aEnvironnement|xPolitique gouvernementale|zCanada. |
| 710 | 1 |aCanada. |bEnvironment Canada, |eissuing body. |
| 856 | 40|qPDF|s21.00 MB|uhttps://publications.gc.ca/collections/collection_2025/eccc/en4/En4-692-1985-eng.pdf |